<?xml version="1.0" encoding="UTF-8"?>
<record
    xmlns:xsi="http://www.w3.org/2001/XMLSchema-instance"
    xsi:schemaLocation="http://www.loc.gov/MARC21/slim http://www.loc.gov/standards/marcxml/schema/MARC21slim.xsd"
    xmlns="http://www.loc.gov/MARC21/slim">

  <leader>00666nam a22001937a 4500</leader>
  <controlfield tag="005">20250204102022.0</controlfield>
  <controlfield tag="008">250204b        |||||||| |||| 00| 0 eng d</controlfield>
  <datafield tag="040" ind1=" " ind2=" ">
    <subfield code="c">None</subfield>
  </datafield>
  <datafield tag="082" ind1=" " ind2=" ">
    <subfield code="a">PG 125</subfield>
  </datafield>
  <datafield tag="100" ind1=" " ind2=" ">
    <subfield code="a">Stephen, Ojok</subfield>
    <subfield code="9">13926</subfield>
  </datafield>
  <datafield tag="245" ind1=" " ind2=" ">
    <subfield code="a">Utilization of Dental Services and Associated Factors among Adults Age 18-45 Years in Lira District /</subfield>
    <subfield code="c">Ojok Stephen, Okello Nelson &amp; Musingguzi Marvin</subfield>
  </datafield>
  <datafield tag="260" ind1=" " ind2=" ">
    <subfield code="a">Lira University ;</subfield>
    <subfield code="b">Lira University ;</subfield>
    <subfield code="c">c2024.</subfield>
  </datafield>
  <datafield tag="300" ind1=" " ind2=" ">
    <subfield code="a">xii, 40p.:</subfield>
    <subfield code="b">ill.</subfield>
    <subfield code="c">31cm.</subfield>
  </datafield>
  <datafield tag="521" ind1=" " ind2=" ">
    <subfield code="a">Include References </subfield>
  </datafield>
  <datafield tag="650" ind1=" " ind2=" ">
    <subfield code="a">Dental Services</subfield>
    <subfield code="9">13927</subfield>
  </datafield>
  <datafield tag="700" ind1=" " ind2=" ">
    <subfield code="a">Nelson, Okello</subfield>
    <subfield code="9">13914</subfield>
  </datafield>
  <datafield tag="700" ind1=" " ind2=" ">
    <subfield code="a">Marvin, Musinguzi</subfield>
    <subfield code="9">13916</subfield>
  </datafield>
  <datafield tag="942" ind1=" " ind2=" ">
    <subfield code="2">ddc</subfield>
    <subfield code="c">PGDISS</subfield>
  </datafield>
  <datafield tag="999" ind1=" " ind2=" ">
    <subfield code="c">6027</subfield>
    <subfield code="d">6027</subfield>
  </datafield>
  <datafield tag="952" ind1=" " ind2=" ">
    <subfield code="0">0</subfield>
    <subfield code="1">0</subfield>
    <subfield code="2">ddc</subfield>
    <subfield code="4">0</subfield>
    <subfield code="7">0</subfield>
    <subfield code="a">MAIN</subfield>
    <subfield code="b">MAIN</subfield>
    <subfield code="c">RBS</subfield>
    <subfield code="d">2025-02-04</subfield>
    <subfield code="l">0</subfield>
    <subfield code="o">PG 125</subfield>
    <subfield code="p">2025-0026</subfield>
    <subfield code="r">2025-02-04 10:21:33</subfield>
    <subfield code="w">2025-02-04</subfield>
    <subfield code="y">PGDISS</subfield>
  </datafield>
  <datafield tag="952" ind1=" " ind2=" ">
    <subfield code="0">0</subfield>
    <subfield code="1">0</subfield>
    <subfield code="2">ddc</subfield>
    <subfield code="4">0</subfield>
    <subfield code="7">0</subfield>
    <subfield code="a">MEDLIB</subfield>
    <subfield code="b">MEDLIB</subfield>
    <subfield code="c">RBS</subfield>
    <subfield code="d">2025-02-04</subfield>
    <subfield code="l">0</subfield>
    <subfield code="o">PG 125</subfield>
    <subfield code="p">2025-0027</subfield>
    <subfield code="r">2025-02-04 10:21:33</subfield>
    <subfield code="w">2025-02-04</subfield>
    <subfield code="y">PGDISS</subfield>
  </datafield>
</record>
